000
00241nam a2200097Ia 4500
001
688375
005
20250826161614.0
008
250824s9999 xx 000 0 und d
245
0
_a
DOĞAL EBEVEYNLİK
_c
ADEM GÜNEŞ
260
_b
TİMAŞ YAYINLARI
999
_c
688375
_d
688375